000 00264nam a22001097a 4500
082 _a510 PHI'F
100 _aPHILLIPS, E.G
_957340
245 _aFUNCTIONS OF A COMPLEX VARIABLE WITH APPLICATIONS
260 _aNEWYORK
_bOLIVER
_c1963
300 _a144P
942 _cBK
999 _c567631
_d567631